000 00987cam a22002414a 4500
001 14702564
005 20241028160628.0
008 070118s2007 njuae b 001 0 eng
020 _a9780471752165 (pbk.)
020 _a0471752169 (pbk.)
050 0 0 _aNA2760
_b.C46 2007
100 1 _aChing, Francis D. K.,
_d1943-
245 1 0 _aArchitecture--form, space, & order /
_cFrancis D.K. Ching.
250 _a3rd ed.
260 _aHoboken, N.J. :
_bJohn Wiley & Sons,
_cc2007.
300 _axiv, 431 p. :
_bill., plans ;
_c28 cm. +
_e1 CD-ROM (4 3/4 in.)
650 0 _aArchitecture
_xComposition, proportion, etc.
650 0 _aSpace (Architecture)
856 4 1 _3Table of contents only
_uhttp://www.loc.gov/catdir/toc/ecip079/2007002358.html
856 4 2 _3Contributor biographical information
_uhttp://www.loc.gov/catdir/enhancements/fy0826/2007002358-b.html
856 4 2 _3Publisher description
_uhttp://www.loc.gov/catdir/enhancements/fy0826/2007002358-d.html
942 _2lcc
_cBK
_e3rd Ed.
_n0
999 _c298
_d298